Anime Name erraten - Statistiken

Allgemein
  • Dieses Quiz wurde 3.890 mal gespielt
    3.885 seit der letzten Aktualisierung
  • Das Durchschnittsergebnis liegt bei 18 aus 30
Antwortstatistiken
Bildquiz Antwort % Korrekt
Attack on Titan
97%
My Hero Academia
88%
Sword Art Online
85%
Assassination Classroom
84%
Jujutsu Kaisen
84%
Sailor Moon
84%
Digimon
81%
Fullmetal Alchemist
79%
Black Clover
78%
Detektiv Conan
73%
Black Butler
72%
Mob Psycho
72%
Berserk
61%
Cowboy Bebop
60%
Re:Zero
60%
Elfen Lied
59%
Steins Gate
59%
Spirited Away
57%
Neon Genesis Evangelion
54%
Death Parade
52%
Hellsing
50%
Monster
49%
Redo of Healer
44%
Another
39%
Kissxsis
36%
Black Lagoon
35%
Psycho Pass
22%
Terror in Tokyo
21%
Keijo
12%
Shiki
8%
Keine übereinstimmenden Quizze gefunden
Verteilung der Resultate
Anzahl Personen mit jedem Resultat
Perzentil nach korrekt beantworteten Fragen
Ihre Resultats-Entwicklung
Sie haben dieses Quiz seit der letzten Aktualisierung nicht gespielt